[Event "LUX-chT 2016/17"]
[Site "Luxembourg"]
[Date "2017.01.15"]
[Round "6"]
[White "Dahdah, Nagib"]
[Black "Boukrate, Azeddine"]
[Result "1-0"]
[WhiteElo "2100"]
[BlackElo "1809"]
[PlyCount "49"]
[EventDate "2016.09.25"]
[EventType "team-tourn"]
[EventRounds "10"]
[EventCountry "LUX"]
[SourceTitle "EXT 2018"]
[Source "ChessBase"]
[SourceDate "2017.10.13"]
[SourceVersion "1"]
[SourceVersionDate "2017.10.13"]
[SourceQuality "1"]

1. e4 e5 2. Nf3 Nc6 3. Bc4 Be7 4. 0-0 Nf6 5. d3 0-0 6. Nc3 d6 7. h3 a6 8. a3 h6 9. Be3 Be6 10. Nd5 b5 11. Ba2 Rb8 12. Qd2 Kh7 13. c3 Qd7 14. Nh2 Nd8 15. f4 exf4 16. Bxf4 Nxd5 17. exd5 Bf5 18. Rae1 Bg6 19. Bb1 Nb7 20. Ng4 Rbe8 21. Bxh6 f5 22. Bxg7 Kxg7 23. Qh6+ Kf7 24. Re6 Rg8 25. Rxf5+ 1-0

[Event "Luxembourg-chT 1415"]
[Site "Luxembourg"]
[Date "2015.03.29"]
[Round "10"]
[White "Salentiny, Eric"]
[Black "Boukrate, Azeddine"]
[Result "1-0"]
[WhiteElo "1967"]
[BlackElo "1824"]
[PlyCount "73"]
[EventDate "2014.10.05"]
[EventType "team-tourn"]
[EventRounds "10"]
[EventCountry "LUX"]
[SourceTitle "EXT 2017"]
[Source "ChessBase"]
[SourceDate "2016.10.25"]
[SourceVersion "1"]
[SourceVersionDate "2016.10.25"]
[SourceQuality "1"]

1. f4 d5 2. Nf3 Nf6 3. b3 c5 4. e3 a6 5. Bb2 e6 6. Be2 Be7 7. 0-0 Nc6 8. h3 0-0 9. d3 Nd7 10. Nbd2 Bf6 11. Bxf6 Nxf6 12. Ne5 Qc7 13. Nxc6 Qxc6 14. Bf3 Qc7 15. g3 e5 16. Kh2 Bd7 17. Bg2 Bc6 18. Nf3 Nd7 19. d4 cxd4 20. fxe5 Nxe5 21. Nxe5 Qxe5 22. exd4 Qd6 23. c4 Rae8 24. c5 Qg6 25. Qd2 Re6 26. Rae1 Rfe8 27. Rxe6 Rxe6 28. a4 Qh5 29. Rf2 h6 30. b4 Bxa4 31. g4 Qh4 32. Bxd5 Re7 33. Qf4 Qg5 34. Bxf7+ Rxf7 35. Qxf7+ Kh8 36. Qf8+ Kh7 37. Qf5+ 1-0